|
|
|
|
| LEADER |
00000nab a2200000 a 4500 |
| 001 |
vtls000853711 |
| 003 |
SK-MaSNL |
| 005 |
20260426100237.0 |
| 008 |
140301c2003 xo 0 slo |
| 015 |
|
|
|a SNBRB2003/11-33600
|
| 035 |
|
|
|a CLN000205366
|
| 040 |
|
|
|a SNKBUCL
|b slo
|c SNKBUCL
|e AACR2
|
| 041 |
0 |
|
|a slo
|
| 044 |
|
|
|a xo
|c SK
|
| 080 |
|
|
|a 654:061.5(437.6):338.246.025.88
|2 1997
|
| 100 |
1 |
|
|a Danielis, Juraj
|4 aut
|9 856927
|
| 245 |
1 |
0 |
|a Ministerstvo je ochotné pol roka počkať
|b investície Deutsche Telekom meškajú, slovenská strana na nich ďalej trvá
|c Juraj Danielis
|
| 300 |
|
|
|b Tab.
|
| 610 |
2 |
7 |
|a Slovenské telekomunikácie
|2 snkbucl
|9 34177
|
| 610 |
|
7 |
|a Deutsch Telekom
|2 snkbucl
|9 1565636
|
| 651 |
|
7 |
|a Bratislava (Slovensko)
|2 snkbucl
|9 14568
|
| 655 |
|
7 |
|a články z novín a časopisov
|2 snkbucl
|9 267496
|
| 773 |
0 |
|
|t Hospodárske noviny
|g Roč. 11, č. 85 (6.5.2003), s. 3
|x 1335-4701
|
| 850 |
|
|
|a Slovenská národná knižnica v Martine
|
| 852 |
|
|
|a SNK
|b KIS3GCP
|
| 958 |
|
|
|a SK
|
| 958 |
|
|
|a DE
|
| 992 |
|
|
|a RBX
|
| 999 |
|
|
|c 3190191
|d 3192121
|